| 000 | 00566nam 22001813 4500 | ||
|---|---|---|---|
| 001 | 201636 | ||
| 090 | _a201636 | ||
| 100 | _a20260407d u||y0pory50 ba | ||
| 200 |
_aMeridianos do texto _fMaria Lúcia Lepecki |
||
| 210 |
_aLisboa _cAssírio e Alvim _d[1979] |
||
| 215 |
_a213 p. _cbrochado _d23 cm |
||
| 225 |
_aCadernos Peninsulares _h23 |
||
| 606 |
_911269 _aQuestões gerais em linguística e literatura. Filologia |
||
| 675 |
_a82.09 _vPT _zpor |
||
| 700 |
_911643 _a Lepecki _bMaria Lúcia _f1940-2011 |
||
| 801 |
_aPT _bBMMN _gRPC |
||
| 830 |
_cFernando _fFernando |
||
| 990 | _cLIVROS | ||